Culture and Business in Asia

Ebook from Proquest

保存先:
書誌詳細
第一著者: Guirdham, Maureen
その他の著者: Wierzbicka, Anna
フォーマット: 図書
言語:Undetermined
出版事項: Palgrave Macmillan 2009
主題:
オンライン・アクセス:http://lrc.tdmu.edu.vn/opac/search/detail.asp?aID=2&ID=39059
タグ: タグ追加
タグなし, このレコードへの初めてのタグを付けませんか!
Thư viện lưu trữ: Trung tâm Học liệu Trường Đại học Thủ Dầu Một
LEADER 00674nam a2200193Ia 4500
001 TDMU_39059
008 210410s9999 xx 000 0 und d
082 |a 572.8 
100 |a Guirdham, Maureen 
245 0 |a Culture and Business in Asia 
245 0 |c Maureen Guirdham 
260 |b Palgrave Macmillan 
260 |c 2009 
300 |a 388Pages 
520 |a Ebook from Proquest 
650 |a Business culture; Business Etiquette; Doanh nghiệp  |x Kinh doanh  |x Văn hóa; Văn hóa kinh doanh 
700 |a Wierzbicka, Anna 
856 |u http://lrc.tdmu.edu.vn/opac/search/detail.asp?aID=2&ID=39059 
980 |a Trung tâm Học liệu Trường Đại học Thủ Dầu Một